00890nam a2200205 a 450000100100000000500170001000800410002704000250006808200160009310000350010924501090014426001000025330000200035349000670037350400300044083000740047004900090054495201140055399900170066700003036120200930062255.0110511s1996 bo 000 0 spa d aDO-SdBNPbspacBNPHU axxxxbA666b1 aArboleda de Roa, Lucero93131013aLa búsqueda bibliógrafica /cLucero Arboleda de Roa, Manuel de Jesús Roa Santana, Nelly C. Piña. aLa Paz :bOrganización Panamericana de la Salud :bOrganización Mundial de la Salud,c1996. a56 p. ;c27 cm.1 aIntroducción a la metodología de la investigaciónvno. 2 aBibliografía : p. 59-60 0aIntroducción a la metodología de la investigaciónvno. 2950438 aBNPD 001050718MOaPDbPDcHDd2011-05-11iLF1l0oxxxx A666bp30361-10r2020-06-25w2020-06-25y1ZNo se presta c29853d29853